000 01677nam a2200409Ia 4500
001 ebr10613387
003 CaPaEBR
006 m u
007 cr cn|||||||||
008 120216s2012 tnu sb 001 0deng d
010 _z 2012005296
020 _z1572338733 (hardcover)
020 _z9781572338739 (hardcover)
020 _z9781572339293 (ebook)
040 _aCaPaEBR
_cCaPaEBR
035 _a(OCoLC)815429397
050 1 4 _aE467.1.E86
_bA4 2012eb
082 0 4 _a355.0092
_223
100 1 _aEwell, Richard Stoddert,
_d1817-1872.
240 1 0 _aCorrespondence
245 1 4 _aThe letters of General Richard S. Ewell
_h[electronic resource] :
_bStonewall's successor /
_cedited by Donald C. Pfanz.
250 _a1st ed.
260 _aKnoxville :
_bUniversity of Tennessee Press,
_cc2012.
300 _axxxiv, 442 p.
490 0 _aVoices of the Civil War
504 _aIncludes bibliographical references and index.
533 _aElectronic reproduction.
_bPalo Alto, Calif. :
_cebrary,
_d2011.
_nAvailable via World Wide Web.
_nAccess may be limited to ebrary affiliated libraries.
600 1 0 _aEwell, Richard Stoddert,
_d1817-1872
_vCorrespondence.
650 0 _aGenerals
_zConfederate States of America
_vCorrespondence.
650 0 _aGenerals
_zUnited States
_vCorrespondence.
651 0 _aUnited States
_xHistory
_yCivil War, 1861-1865
_vSources.
651 0 _aUnited States
_xHistory, Military
_yTo 1900
_vSources.
655 7 _aElectronic books.
_2local
700 1 _aPfanz, Donald.
710 2 _aebrary, Inc.
856 4 0 _uhttp://site.ebrary.com/lib/rucke/Doc?id=10613387
_zAn electronic book accessible through the World Wide Web; click to view
999 _c205038
_d205038